| 000 | 00763nam a22003130a 4500 | ||
|---|---|---|---|
| 001 | UByD001386 | ||
| 003 | AR-LpoUNG | ||
| 005 | 20230422101629.0 | ||
| 008 | 230420s2017||||ag |||||||||||||||||spa d | ||
| 020 | _a9789874245007 | ||
| 040 |
_aAR-LpoUNG _bspa _cAR-LpoUNG _eaacr |
||
| 041 | _aspa | ||
| 044 | _aag | ||
| 082 | 0 | _aA863 117noc | |
| 100 | 1 | _aCabrera, Carlos | |
| 245 | 1 | 3 | _aLa noche de los cuadernos rotos |
| 250 | _a1ra. ed. | ||
| 260 |
_aBuenos Aires : _bFelicitas, _c2017. |
||
| 300 | _a145 p. | ||
| 650 | 4 | _aLITERATURA | |
| 650 | 4 | _aARGENTINA | |
| 650 | 4 | _aHISTORIA | |
| 650 | 4 | _aHISTORIA POLITICA | |
| 650 | 4 | _aDICTADURA | |
| 653 | 4 | _aLITERATURA ARGENTINA | |
| 653 | 4 | _aAUTORES LOCALES | |
| 905 | _a55627 | ||
| 942 |
_cLIB _2ddc |
||
| 999 |
_c63943 _d63943 |
||